| 000 | 00857nam a2200169Ia 4500 | ||
|---|---|---|---|
| 008 | 220104s9999 xx 000 0 und d | ||
| 100 | _aRajaguru A S B | ||
| 245 | 0 | _aRubber seed meal as a protein supplement in growing swine rations | |
| 520 | _aA study was conducted to investigate the efects of different levels of rubber seed meal on the performance of growing swine. The results indicate that rubber seed meal could be included in swine rations only up to the 10;level. Poor performance of swine fed on rations containing 20;and 30;rubber seed meal was attributed to deficiencies in lysine and sulphur amino acids, rather than to the prescence of cyanogenic glycosides. | ||
| 650 | _aFeed ration | ||
| 650 | _aLivestock perfromance | ||
| 650 | _aPig | ||
| 650 | _aRubber seed meal | ||
| 650 | _aSri Lanka | ||
| 700 | _aRavindran V | ||
| 942 | _cBE | ||
| 999 |
_c47496 _d47496 |
||